00947nam a22002537a 45000010005000000030006000050050017000110080041000280200018000690400029000870500012001160820008001281000028001362450089001642600037002533000042002905050007003325200221003395210030005605210020005906500022006106500026006327000035006583686FISKH20250303100133.0240410b cb ||||| |||| 00| 0 eng d a9780545985970 aFISKHbengcFISKHdFISKH aPZ7.W55 a464 aRichards, Nancy Wilcox  aHow to handle a bully /cby Nancy Wilcox Richards ; illustrations by David Sourwine  aNew York : bScholastic, c2010. a92 pages : billustrations ; c20 cm  aG  aRilla, working hard training for the annual fitness challenge with the hope of winning the grand prize, deals with bullies on the playground while she tries to prepare for the event and also worries she will not win.8 a420 bLexile estimate 8 aG bRaz-Plus  aSourwine xDavid  aHow to handle a bully aSourwine, David eillustrator